| 000 | 00930nam a22002657a 4500 | ||
|---|---|---|---|
| 003 | 0 | ||
| 005 | 20240916142638.0 | ||
| 008 | 240905b xxu||||| |||| 00| 0 eng d | ||
| 010 | _a2024374135 | ||
| 020 | _a978-621-06-1208-0 | ||
| 040 |
_aDLC _beng _cDLC _dDLC |
||
| 050 |
_aNK 7381.A1 _b.B47 2024 |
||
| 100 |
_aBermejo, Maria Angelica Santos- _eauthor. |
||
| 245 |
_aAlahas : _bPhilippine heritage jewelry / _cby Maria Angelica Santos-Bermejo ; copy editing, Renan Prado ; foreword by Ambeth R. Ocampo. |
||
| 246 | _aPhilippine heritage jewelry | ||
| 260 |
_aPanay, Capiz : _bHarmony-House Book Publishing, _cc2024. |
||
| 300 |
_a364 p. : _bcol. ill. ; _c28 cm. |
||
| 504 | _aIncludes bibliographical references (pages 356-361). | ||
| 546 | _aIn English. | ||
| 650 | _aJewelry | ||
| 651 |
_xHistory. _zPhilippines |
||
| 700 | _aPrado, RenĂ¡n S. | ||
| 710 |
_aHarmony-House Book Publishing, _epublisher. |
||
| 942 |
_2lcc _cBK |
||
| 999 |
_c366183 _d366183 |
||